| 000 | 00554nam a22001697a 4500 | ||
|---|---|---|---|
| 003 | CEME | ||
| 005 | 20210628205354.0 | ||
| 008 | 210315b xxu||||| |||| 00| 0 eng d | ||
| 020 | _a0-471-54884-7 | ||
| 040 | _c. | ||
| 082 | _a530.12 HIL'Q | ||
| 100 |
_aJohnston, Ian D Styer, Daniel F Hiller, John R _975190 |
||
| 245 | _aPhysics data processing physics computer programs construction for upper level physics software the consortium for upper level physics software | ||
| 260 |
_aNEWYORK _bJOHN WILEY _c1995 |
||
| 300 | _aXI, 220P | ||
| 942 |
_cBK _2ddc |
||
| 999 |
_c580660 _d580660 |
||